Introducción a la juseconomía
Uloženo v:
| Hlavní autor: | |
|---|---|
| Médium: | Kniha |
| Jazyk: | španělština |
| Vydáno: |
Santiago
Andrés Bello
1972
|
| Témata: | |
| Tagy: |
Přidat tag
Žádné tagy, Buďte první, kdo vytvoří štítek k tomuto záznamu!
|
MARC
| LEADER | 00000nam a2200000 a 4500 | ||
|---|---|---|---|
| 001 | UCT8716 | ||
| 003 | CL-VaPUC | ||
| 008 | 970326e19720000CL |||||||||||||||||spa|d | ||
| 082 | 0 | 4 | |a 330.1 |b VEG |2 21 |
| 100 | 0 | |a Vega M., Julio |e author |9 380672 | |
| 245 | 1 | 0 | |a Introducción a la juseconomía |
| 300 | |a 215 p | ||
| 942 | |c BK | ||
| 945 | |d 19970326 00:00:00 |a paguirre | ||
| 260 | |a Santiago |b Andrés Bello |c 1972 | ||
| 650 | 0 | |a Economía |9 255568 | |
| 650 | 7 | |a LEY |2 CL-VaPUC |9 380673 | |
| 650 | 0 | |a Teorías económicas |9 270968 | |
| 650 | 0 | |a Bienes |9 255749 | |
| 650 | 0 | |a Derecho económico |9 259197 | |
| 650 | 0 | |a Producción |9 263680 | |
| 650 | 0 | |a Precios |9 260787 | |
| 650 | 0 | |a Dinero |9 314331 | |
| 650 | 0 | |a Mercado |9 321497 | |
| 650 | 0 | |a Capitalismo |9 255255 | |
| 650 | 0 | |a Socialismo |9 255260 | |
| 583 | |a last modification |c 19970326 00:00:00 |k Rodrigo Vera | ||
| 999 | |c 257202 |d 257200 | ||
| 952 | |0 0 |1 0 |4 0 |6 330_100000000000000_VEG_1972 |7 0 |8 A |9 280482 |a BIBDER |b BIBDER |d 2019-11-19 |i 1815741 |o 330.1 VEG 1972 |p 1815741 |r 2023-01-25 |w 2019-11-19 |y BK |k DER | ||